AFI's 25 Greatest Film Star Legends (Male) - Statistics

General Stats
  • This quiz has been taken 112 times
  • The average score is 20 of 25
Answer Stats
Picture Answer % Correct
Charles Chaplin
99%
James Dean
96%
Marlon Brando
96%
Humphrey Bogart
93%
James Stewart
92%
John Wayne
92%
Sidney Poitier
92%
Clark Gable
91%
Cary Grant
89%
Kirk Douglas
89%
The Marx Brothers
87%
Orson Welles
83%
Spencer Tracy
79%
Gregory Peck
78%
Fred Astaire
77%
James Cagney
77%
Henry Fonda
76%
Burt Lancaster
70%
Gary Cooper
66%
Gene Kelly
65%
Laurence Olivier
64%
Robert Mitchum
63%
William Holden
60%
Buster Keaton
54%
Edward G. Robinson
54%
No matching quizzes found
Score Distribution
Percent of People with Each Score
Percentile by Number Answered
Your Score History
You have not taken this quiz